[Event "Wch U20 49th"]
[Site "Chotowa"]
[Date "2010.08.07"]
[Round "5"]
[White "Lis, Marek"]
[Black "Podolsky, Anton"]
[Result "1-0"]
[WhiteElo "2072"]
[BlackElo "2190"]
[PlyCount "159"]
[EventDate "2010.08.03"]
[EventType "swiss"]
[EventRounds "13"]
[EventCountry "POL"]
[SourceTitle "CBM 137 Extra"]
[Source "ChessBase"]
[SourceDate "2010.09.01"]
[SourceVersion "1"]
[SourceVersionDate "2010.09.01"]
[SourceQuality "1"]

1. e4 c5 2. Nf3 d6 3. d4 cxd4 4. Qxd4 Nf6 5. e5 Nc6 6. Bb5 Nd7 7. Bxc6 bxc6 8. exd6 e5 9. Qc3 Qf6 10. Qxc6 Rb8 11. Bg5 Qg6 12. Nbd2 Bxd6 13. 0-0 Bb7 14. Qa4 e4 15. Rfe1 Bc6 16. Rxe4+ Qxe4 17. Nxe4 Bxh2+ 18. Kxh2 Bxa4 19. Nd6+ Kf8 20. b3 Bc6 21. Nd4 Ba8 22. Re1 Nf6 23. N4f5 Rd8 24. Bxf6 gxf6 25. c4 Rg8 26. f3 Rg5 27. b4 Bc6 28. c5 Bd7 29. Ng3 Rd5 30. Nge4 Kg7 31. Rc1 f5 32. Nc3 Rd2 33. b5 Kf6 34. a4 Rb2 35. Nc4 Rb3 36. Nd5+ Kg5 37. Nd6 Be6 38. Nc7 Kf6 39. Rc2 Ke7 40. a5 Rd7 41. Na6 Ra3 42. Nb8 Rc7 43. Nc6+ Kd7 44. Nb8+ Ke7 45. b6 axb6 46. axb6 Rxc5 47. Rxc5 Kxd6 48. Rb5 Bd5 49. b7 Ra7 50. Nc6 Rxb7 51. Rxb7 Kxc6 52. Rb8 Kd6 53. Rh8 Ke5 54. Rxh7 Kf4 55. Rh4+ Kg5 56. Kg3 Be6 57. Rb4 Bd7 58. Rb7 Be6 59. Rb5 Bd7 60. Rc5 Be6 61. Kf2 Bd7 62. Ke3 Be6 63. g4 Kf6 64. gxf5 Bxf5 65. Kf4 Bd7 66. Ra5 Bc8 67. Ra8 Bb7 68. Rb8 Bd5 69. Rb6+ Kg7 70. Rd6 Bb7 71. Kg4 Ba8 72. f4 Be4 73. Kg5 Bb1 74. f5 Bc2 75. f6+ Kh7 76. Rd2 Ba4 77. Kf5 Bb5 78. Rg2 Bd3+ 79. Ke5 Bg6 80. Kd6 1-0

[Event "Wch U20 49th"]
[Site "Chotowa"]
[Date "2010.08.06"]
[Round "4"]
[White "Stoyko, Maksym"]
[Black "Lis, Marek"]
[Result "1/2-1/2"]
[WhiteElo "2206"]
[BlackElo "2072"]
[PlyCount "67"]
[EventDate "2010.08.03"]
[EventType "swiss"]
[EventRounds "13"]
[EventCountry "POL"]
[SourceTitle "CBM 137 Extra"]
[Source "ChessBase"]
[SourceDate "2010.09.01"]
[SourceVersion "1"]
[SourceVersionDate "2010.09.01"]
[SourceQuality "1"]

1. d4 d6 2. Nf3 Bg4 3. c4 Bxf3 4. exf3 Nd7 5. Be2 g6 6. Nc3 Bg7 7. Be3 Ngf6 8. d5 0-0 9. 0-0 c6 10. Qd2 Rc8 11. dxc6 Rxc6 12. Rac1 a5 13. f4 b6 14. b3 Qb8 15. Bf3 Rcc8 16. Rfd1 Nc5 17. Qc2 Rfe8 18. f5 Nfd7 19. Be2 Ne5 20. Qb1 Nc6 21. Nd5 Kh8 22. fxg6 hxg6 23. h4 e6 24. Nc3 Bf6 25. h5 Kg7 26. hxg6 fxg6 27. Ne4 Nxe4 28. Qxe4 Kf7 29. f4 Nb4 30. Bd3 Nxd3 31. Qxd3 Rcd8 32. Bd4 Bxd4+ 33. Qxd4 Qc7 34. Rc3 1/2-1/2

[Event "POL-chT U19 1st League"]
[Site "Suchedniow"]
[Date "2010.07.13"]
[Round "8"]
[White "Lis, Marek"]
[Black "Musialkiewicz, Jan"]
[Result "1/2-1/2"]
[WhiteElo "2072"]
[BlackElo "2109"]
[PlyCount "63"]
[EventDate "2010.07.06"]
[EventType "team-tourn"]
[EventRounds "9"]
[EventCountry "POL"]
[SourceTitle "EXT 2019"]
[Source "ChessBase"]
[SourceDate "2018.10.10"]
[SourceVersion "1"]
[SourceVersionDate "2018.10.10"]
[SourceQuality "1"]
[WhiteTeam "Czarna LKSz GCKiP U19"]
[BlackTeam "Poznan UMKS Na Pieterku U19"]
[WhiteTeamCountry "POL"]
[BlackTeamCountry "POL"]

1. e4 c5 2. Nf3 e6 3. d4 cxd4 4. Nxd4 Nf6 5. Nc3 d6 6. Bd3 a6 7. 0-0 b5 8. Bd2 Bb7 9. Qe2 Be7 10. Kh1 Nbd7 11. f4 Nc5 12. b4 Nxd3 13. cxd3 0-0 14. Nb3 Qd7 15. Na5 Rfb8 16. Nxb7 Rxb7 17. g4 a5 18. a3 d5 19. e5 d4 20. Ne4 Nxe4 21. Qxe4 axb4 22. axb4 Ra4 23. f5 Rba7 24. Rab1 Ra2 25. Be1 Qb7 26. Qxb7 Rxb7 27. Rf4 Rd7 28. Bf2 Rd5 29. Bxd4 Ra3 30. Rc1 h6 31. Rc8+ Kh7 32. fxe6 1/2-1/2

[Event "POL-chT U19 1st League"]
[Site "Suchedniow"]
[Date "2010.07.12"]
[Round "7"]
[White "Dowgird, Filip"]
[Black "Lis, Marek"]
[Result "1-0"]
[WhiteElo "2096"]
[BlackElo "2072"]
[PlyCount "75"]
[EventDate "2010.07.06"]
[EventType "team-tourn"]
[EventRounds "9"]
[EventCountry "POL"]
[SourceTitle "EXT 2019"]
[Source "ChessBase"]
[SourceDate "2018.10.10"]
[SourceVersion "1"]
[SourceVersionDate "2018.10.10"]
[SourceQuality "1"]
[WhiteTeam "Wroclaw MUKS MDK Srodmiescie U19"]
[BlackTeam "Czarna LKSz GCKiP U19"]
[WhiteTeamCountry "POL"]
[BlackTeamCountry "POL"]

1. e4 c5 2. Nf3 d6 3. c3 Nf6 4. g3 Nc6 5. d3 g6 6. Bg2 Bg7 7. 0-0 0-0 8. Nbd2 e5 9. a3 h6 10. b4 Be6 11. Bb2 Nd7 12. Re1 a6 13. Nc4 Bxc4 14. dxc4 Nb6 15. Qb3 Qc7 16. Rad1 Rfd8 17. Bf1 Nd7 18. Bc1 a5 19. Be3 Bf8 20. Rb1 a4 21. Qa2 Ne7 22. Nh4 Nf6 23. f3 g5 24. Ng2 Ng6 25. Bf2 g4 26. Qe2 h5 27. Ne3 Qc8 28. Rbd1 Qe6 29. Nf5 Kh7 30. fxg4 hxg4 31. Qe3 cxb4 32. cxb4 b5 33. cxb5 d5 34. Bd3 dxe4 35. Bxe4 Rxd1 36. Rxd1 Re8 37. Rd6 Qb3 38. Rxf6 1-0

[Event "POL-chT U19 1st League"]
[Site "Suchedniow"]
[Date "2010.07.11"]
[Round "6"]
[White "Lis, Marek"]
[Black "Wozniak, Bartosz"]
[Result "1-0"]
[WhiteElo "2072"]
[BlackElo "1901"]
[PlyCount "65"]
[EventDate "2010.07.06"]
[EventType "team-tourn"]
[EventRounds "9"]
[EventCountry "POL"]
[SourceTitle "EXT 2019"]
[Source "ChessBase"]
[SourceDate "2018.10.10"]
[SourceVersion "1"]
[SourceVersionDate "2018.10.10"]
[SourceQuality "1"]
[WhiteTeam "Czarna LKSz GCKiP U19"]
[BlackTeam "Wroclaw KS Polonia U19 II"]
[WhiteTeamCountry "POL"]
[BlackTeamCountry "POL"]

1. e4 c5 2. Nf3 d6 3. d4 cxd4 4. Qxd4 Nc6 5. Bb5 Bd7 6. Bxc6 Bxc6 7. Nc3 Nf6 8. Bg5 e6 9. 0-0-0 Be7 10. Qd3 0-0 11. h4 h6 12. Bxf6 Bxf6 13. Nd4 Qa5 14. f4 e5 15. Nb3 Qc7 16. f5 Qe7 17. Qh3 g5 18. hxg5 Bxg5+ 19. Kb1 Kh7 20. Nd5 Bxd5 21. Rxd5 Rad8 22. Qh5 Rg8 23. Na5 Qc7 24. Qe2 Rc8 25. Rhd1 b6 26. Nb3 Rcd8 27. Nd2 Rd7 28. Nc4 Rgd8 29. Qd3 Bf6 30. Nxd6 Bg7 31. f6 Bxf6 32. Ne8 Bh8 33. Nd6 1-0

[Event "POL-ch U16"]
[Site "Karpacz"]
[Date "2010.03.13"]
[Round "10"]
[White "Lis, Marek"]
[Black "Duda, Jan Krzysztof"]
[Result "1/2-1/2"]
[WhiteElo "2071"]
[BlackElo "2197"]
[PlyCount "89"]
[EventDate "2010.03.06"]
[EventType "swiss"]
[EventRounds "11"]
[EventCountry "POL"]
[SourceTitle "CBM 135 Extra"]
[Source "ChessBase"]
[SourceDate "2010.05.04"]
[SourceVersion "1"]
[SourceVersionDate "2010.05.04"]
[SourceQuality "1"]

1. e4 e5 2. Nc3 Nf6 3. Bc4 Nxe4 4. Qh5 Nd6 5. Bb3 Be7 6. Qxe5 0-0 7. Nge2 Nc6 8. Qh5 g6 9. Qf3 Bf6 10. h4 Nf5 11. h5 Nfd4 12. Qg3 Nxb3 13. axb3 Nb4 14. Kd1 d5 15. d3 Bf5 16. Bh6 Re8 17. hxg6 fxg6 18. Nf4 Qd7 19. Kd2 Qc6 20. Rac1 Bxc3+ 21. bxc3 Na2 22. Ne2 Rxe2+ 23. Kxe2 Re8+ 24. Be3 Qxc3 25. Kd1 Nxc1 26. Bxc1 Re7 27. Qg5 Qe5 28. Bd2 c5 29. Re1 Qa1+ 30. Bc1 Rxe1+ 31. Kxe1 Qe5+ 32. Kd1 Kf7 33. Qh6 Qg7 34. Qf4 Qf6 35. Qc7+ Qe7 36. Qf4 h5 37. f3 Kg7 38. g4 hxg4 39. fxg4 Be6 40. Qh6+ Kf7 41. Qh7+ Ke8 42. Qxg6+ Kd7 43. Bf4 Qf8 44. Qg5 Qg8 45. Qxg8 1/2-1/2

[Event "POL-ch U16"]
[Site "Karpacz"]
[Date "2010.03.09"]
[Round "5"]
[White "Kubica, Kamil"]
[Black "Lis, Marek"]
[Result "0-1"]
[WhiteElo "1910"]
[BlackElo "2071"]
[PlyCount "82"]
[EventDate "2010.03.06"]
[EventType "swiss"]
[EventRounds "11"]
[EventCountry "POL"]
[SourceTitle "CBM 135 Extra"]
[Source "ChessBase"]
[SourceDate "2010.05.04"]
[SourceVersion "1"]
[SourceVersionDate "2010.05.04"]
[SourceQuality "1"]

1. d4 d6 2. Nf3 Nd7 3. e4 e5 4. c4 g6 5. d5 Bg7 6. Nc3 a5 7. Be2 Nc5 8. Be3 b6 9. 0-0 Ne7 10. Nd2 0-0 11. a3 f5 12. f3 f4 13. Bf2 g5 14. Rb1 h5 15. b4 Nd7 16. Nb3 axb4 17. axb4 Nf6 18. g4 fxg3 19. hxg3 Ng6 20. Be3 g4 21. f4 exf4 22. Bxf4 Nxf4 23. gxf4 Qe7 24. Qc2 g3 25. Kg2 h4 26. f5 Nh7 27. Nd2 Bxc3 28. Qxc3 Bxf5 29. Bf3 Bd7 30. e5 Qxe5 31. Qxe5 dxe5 32. Rb2 Ra3 33. Ne4 Re3 34. d6 cxd6 35. Nxd6 Ng5 36. Bd5+ Kg7 37. Ra1 h3+ 38. Kh1 e4 39. Kg1 Nf3+ 40. Kf1 Ne1+ 41. Kg1 h2+ 0-1